The Things They Carried

Bibliographic Details
Main Author: O'Brien,Tim
Format: Book
Language:English
Published: New York : First Broadway Books , 1998
Subjects:

MARC

LEADER 00000cam a2200000 7i4500
001 0000055445
005 20100128.0
008 100128 eng
020 |a 0767902890 
090 0 0 |a 813.54 OBR 
100 1 |a O'Brien,Tim 
245 1 4 |a The Things They Carried   |c Tim O'Brien 
260 |a New York :   |b First Broadway Books ,   |c 1998 
300 |a 246p. :   |b ill, ;   |c 20cm. 
650 0 0 |a English literature 
999 |a 0000074347   |b Buku   |c Lincoln Corner Rak Terbuka   |e Perbadanan Perpustakaan Awam Melaka